Krwawe ślady

Titel: Krwawe ślady : gwałty, mordy i grabieże Armii Czerwonej na Polakach / Krzysztof Drozdowski
Verfasser:
Ausgabe: Wydanie I
Veröffentlicht: Poznań : Replika, [2025]
Umfang: 311 Seiten, 8 ungezählte Seiten Bildtafeln : Illustrationen, Porträts ; 21 cm
Format: Buch
Sprache: Polnisch
Schriftenreihe/
mehrbändiges Werk:
Tajemnice Historii - Replika
Schlagworte:
ISBN: 9788368364972
Buchumschlag
X
alg: 54013325
001A    $03004:05-12-25 
001B    $01999:19-02-26 $t12:07:46.000 
001D    $03004:05-12-25 
001U    $0utf8 
001X    $00 
002@    $0Aau 
002C    $aText $btxt $2rdacontent 
002D    $aohne Hilfsmittel zu benutzen $bn $2rdamedia 
002E    $aBand $bnc $2rdacarrier 
003@    $0540133256 
003O    $01559119716 $aOCoLC 
004A    $A978-83-68364-97-2 
007A    $0BV050500862 $aBVB 
007G    $0 
009P    $qapplication/pdf $A2 $3Buch Bibliographie $uhttp://scans.hebis.de/HEBCGI/show.pl?54013325_bib.pdf $mV:DE-603;B:DE-Mb50 
009P    $qapplication/pdf $A2 $3Cover $uhttp://scans.hebis.de/HEBCGI/show.pl?54013325_cov.pdf $mV:DE-603;B:DE-Mb50 
009P    $qapplication/pdf $A2 $3Abstract $uhttp://scans.hebis.de/HEBCGI/show.pl?54013325_sum.pdf $mV:DE-603;B:DE-Mb50 
009P    $qapplication/pdf $A2 $3Inhaltsverzeichnis $uhttp://scans.hebis.de/HEBCGI/show.pl?54013325_toc.pdf $mV:DE-603;B:DE-Mb50 
010@    $apol 
010E    $erda 
011@    $a2025 $n[2025] 
011F    $n© 2025 
021A    $aKrwawe ślady $dgwałty, mordy i grabieże Armii Czerwonej na Polakach $hKrzysztof Drozdowski 
027A    $aGwałty, mordy i grabieże Armii Czerwonej na Polakach 
028A    $BVerfasser $4aut $71066207623 $8Drozdowski, Krzysztof$Z1985- [Tp3] $9354368974 
032@    $aWydanie I 
033A    $pPoznań $nReplika 
034D    $a311 Seiten, 8 ungezählte Seiten Bildtafeln 
034I    $a21 cm 
034M    $aIllustrationen, Porträts 
036G    $aTajemnice Historii - Replika 
037A    $aLiteraturverzeichnis Seite 303-[312] 
044K    $RRossijskaja Social'-Demokratičeskaja Rabočaja Partija (Bol'ševikov) $RRussische SFSR $RSowjetunion $#Raboče-Krestʹjanskaja Krasnaja Armija Sowjetunion $#Sowjetunion, Krasnaja Armija $#Krasnaja Armija Sowjetunion $#Sowjetunion, Red Army $#Red Army Sowjetunion $#Sowjetunion, Armée rouge $#Armée rouge Sowjetunion $#Sowjetunion, Rote Armee $#Rote Armee Sowjetunion $#RKKA SSSR $7130443-4 $8Sowjetunion$bRaboče-Krestʹjanskaja Krasnaja Armija [Tb1] $9040793427 
044K    $RPolen-Litauen $RKongresspolen $RWestgalizien $RStaat Krakau $#Generalgouvernement Polen $#Polska $#Rzeczpospolita Polska $#Polska Rzeczpospolita Ludowa $#Poland $#Pologne $#République Polonaise $#Generalne Gubernatorstwo w Polsce $#Polish People's Republic $#Polska Rzeczpospolita Polen $#PRL $#RP $#Polen Generalgouvernement $#Polska Generalgouvernement $#Besetzte Polnische Gebiete $#Besetztes Gebiet in Polen $#Okupowane Polskie Obszary $#Obszary Okupowane w Polsce $#Volksrepublik Polen $#Polska Rosyjska $#Republic Polen $#Respublika Pol'ša $#Pol'skaja Narodnaja Respublika $#République de Pologne $#Polen Links der Weichsel $#Polska po Lewej Stronie Wisły $#Lenkija $#Polija $#Gubernija Carstva Pol'skago $#Republik Polen $74046496-9 $8Polen [Tg1] $9085129801 
044K    $RVölkerrechtliches Verbrechen $#War crimes $#Crimes de guerre $#Delitti di guerra $#Crímenes de guerra $#Kriegsverbrechen $#Kriegsverbrechen $74033151-9 $8Kriegsverbrechen [Ts1] $9085088587 
044K    $RWeltkrieg $#World War, 1939-1945 $#Guerre mondiale (1939-1945) $#Weltkrieg 1939-1945 $#2. Weltkrieg $#Weltkrieg 2 $#II. Weltkrieg $#Weltkrieg II $74079167-1 $8Zweiter Weltkrieg [Tsz] $9085224618 
045F    $a355.009470809043 $eDDC23BSB 
045F/01 $a355.009 
045F/03 $f09043 
045F/03 $f09044 
045F/03 $g4708 
045F/03 $g438 
045R    $aGeschichte 1939-1945 
045T    $aOST $qDE-12 $2FID 

lok: 54013325 24

exp: 54013325 24 1 #EPN
201B/01 $007-01-26 $t10:54:05.000 
201C/01 $005-12-25 
201U/01 $0utf8 
203@/01 $01328296563 
208@/01 $a07-01-26 $bz 
209A/01 $a25.07031 $du $f050 $h25 07031 $x00 
209C/01 $a25.07031 K $h25 07031 K 
209G/01 $a75146540 $x00 
220C/01 $ahae 
247C/01 $8358050-7 Marburg, Bibliothek des Herder-Instituts Marburg $9102600961
LEADER 00000cam a2200000 c 4500
001 540133256
003 DE-603
005 20260219120746.0
007 tu
008 251205s2025 xx |||| | u00||u|pol c
020 |a 9788368364972 
035 |a (DE-599)BVBBV050500862 
035 |a (OCoLC)1559119716 
040 |a DE-603  |b ger  |c DE-603  |d DE-603  |e rda 
041 |a pol 
082 0 4 |8 1\u  |a 355.009470809043  |q DE-101  |2 23/BSB 
084 |a OST  |q DE-12  |2 fid 
085 |8 1\u  |b 355.009 
085 |8 1\u  |z 1  |s 09043 
085 |8 1\u  |z 1  |s 09044 
085 |8 1\u  |z 2  |s 4708 
085 |8 1\u  |z 2  |s 438 
100 1 |a Drozdowski, Krzysztof  |d 1985-  |e Verfasser  |4 aut  |0 (DE-603)354368974  |0 (DE-588)1066207623  |2 gnd 
245 0 0 |a Krwawe ślady  |b gwałty, mordy i grabieże Armii Czerwonej na Polakach  |c Krzysztof Drozdowski 
246 1 3 |a Gwałty, mordy i grabieże Armii Czerwonej na Polakach 
250 |a Wydanie I 
264 1 |a Poznań  |b Replika  |c [2025] 
264 4 |c © 2025 
300 |a 311 Seiten, 8 ungezählte Seiten Bildtafeln  |b Illustrationen, Porträts  |c 21 cm 
336 |a Text  |b txt  |2 rdacontent 
337 |a ohne Hilfsmittel zu benutzen  |b n  |2 rdamedia 
338 |a Band  |b nc  |2 rdacarrier 
490 0 |a Tajemnice Historii - Replika 
500 |a Literaturverzeichnis Seite 303-[312] 
610 1 7 |a Sowjetunion  |b Raboče-Krestʹjanskaja Krasnaja Armija  |2 gnd  |0 (DE-588)130443-4  |0 (DE-603)040793427 
648 7 |a Geschichte 1939-1945  |2 gnd 
650 7 |a Kriegsverbrechen  |0 (DE-588)4033151-9  |0 (DE-603)085088587  |2 gnd 
650 7 |a Zweiter Weltkrieg  |0 (DE-588)4079167-1  |0 (DE-603)085224618  |2 gnd 
651 7 |a Polen  |0 (DE-588)4046496-9  |0 (DE-603)085129801  |2 gnd 
856 4 2 |m V:DE-603;B:DE-Mb50  |q application/pdf  |u http://scans.hebis.de/HEBCGI/show.pl?54013325_bib.pdf  |3 Buch Bibliographie 
856 4 2 |m V:DE-603;B:DE-Mb50  |q application/pdf  |u http://scans.hebis.de/HEBCGI/show.pl?54013325_cov.pdf  |3 Cover 
856 4 2 |m V:DE-603;B:DE-Mb50  |q application/pdf  |u http://scans.hebis.de/HEBCGI/show.pl?54013325_sum.pdf  |3 Abstract 
856 4 2 |m V:DE-603;B:DE-Mb50  |q application/pdf  |u http://scans.hebis.de/HEBCGI/show.pl?54013325_toc.pdf  |3 Inhaltsverzeichnis 
924 0 |9 Mb 50  |a (DE-603)1328296563  |b DE-Mb50  |c HES  |d c  |g 25.07031